| 000 | 00421nam a2200181Ia 4500 | ||
|---|---|---|---|
| 008 | 151018s9999 xx 000 0 und d | ||
| 082 |
_bRBASDV39357 _a920 |
||
| 100 | _aThomas Edwards | ||
| 245 | _aHenry Derozio | ||
| 250 | _b1 | ||
| 260 |
_bRediance _c2003 |
||
| 300 | _a199 | ||
| 600 | _aThomas Edwards | ||
| 630 | _aHenry Derozio | ||
| 700 | _aThomas Edwards | ||
| 730 | _aHenry Derozio | ||
| 942 | _cBOOK | ||
| 999 |
_c1038660 _d1038657 |
||